| 000 | 00599nam a2200205 i 4500 | ||
|---|---|---|---|
| 001 | 184446 | ||
| 003 | ES-MaACL | ||
| 005 | 20250809070337.0 | ||
| 008 | 150828s1972 fr |||| | fre d | ||
| 080 | _a821.133.1-31"18" | ||
| 100 | 1 |
_aFrance, Anatole, _d1844-1924 _9240108 |
|
| 245 | 1 | 3 |
_aLa révolte des anges / _cAnatole France [seud.]. |
| 260 |
_aParis : _bCalmann-Lévy, _c[1972] |
||
| 300 |
_a319 p. ; _c17 cm. |
||
| 490 | 1 |
_aLe livre de poche ; _v3260 |
|
| 830 | 0 | 3 |
_aLe livre de poche _v3260 _9179656 |
| 852 |
_aES-MaACL _jL-30177 |
||
| 942 | _2udc | ||
| 999 |
_c184446 _d184446 |
||